Can you name the Championship Top Scorers in the 22/23 season? - Statistics

General Stats
  • This quiz has been taken 7 times
  • The average score is 7 of 10
Answer Stats
Club - goals Player % Correct
Sunderland - 14 Amad Diallo
80%
Luton - 20 Carlton Morris
80%
Middlesbrough - 28 Chuba Akpom
80%
Swansea - 18 Joël Piroe
80%
Coventry - 21 Viktor Gyokeres
80%
Burnley - 17 Nathan Tella
60%
Millwall - 17 Tom Bradshaw
60%
Millwall - 15 Zian Flemming
60%
Sheffield Utd - 14 Iliman Ndiaye
40%
Blackpool - 14 Jerry Yates
40%
No matching quizzes found
Score Distribution
Percent of People with Each Score
Percentile by Number Answered
Your Score History
You have not taken this quiz